| 000 | 00532cam a2200217ua 4500 | ||
|---|---|---|---|
| 001 | 7644 | ||
| 008 | 141218n ii |||gr||||Z||||||asm | ||
| 020 | _a9789382283836 | ||
| 040 | _cMAIN | ||
| 041 | _aasm | ||
| 082 | _a351 | ||
| 100 |
_aMajinder, T., _eAuthor. |
||
| 245 | 1 |
_aPublic administration _cBy Thanuram Majinder |
|
| 250 | _a1st. | ||
| 260 |
_aDibrugarh: _bKaustabh, _c2014. |
||
| 300 | _a227p. | ||
| 653 | _aPublic administration | ||
| 700 |
_aGoswami, D., _eAuthor. |
||
| 700 |
_aSonowal, K., _eAuthor. |
||
| 942 | _cBK | ||
| 999 |
_c6766 _d6766 |
||